000 00557cam a22002051 4500
001 sa 66003887
003 DLC
005 20260227112239.0
008 890317s1964 io 000 0 dut
010 _asa 66003887
035 _a(OCoLC)23412579
040 _aDLC
_cMiU
_dDLC
042 _apremarc
050 0 0 _aJQ779.A55
_bS85
100 1 _aSudjono, Djoko.
245 1 0 _aDengan semangat komunis jang tinggi sukseskan plan 4 tahun,
260 _aDjakarta,
_bJajasan Pembaruan,
_c1964.
300 _a25 p.
_c14 cm.
610 2 0 _aPartai Komunis Indonesia.
999 _c69152
_d69152